Fiscal Policy and Economic Growth : (Record no. 14978)
[ view plain ]
| 000 -LEADER | |
|---|---|
| fixed length control field | 01572cam a22003614a 4500 |
| 001 - CONTROL NUMBER | |
| control field | 14882924 |
| 005 - DATE AND TIME OF LATEST TRANSACTION | |
| control field | 20071105181424.0 |
| 008 - FIXED-LENGTH DATA ELEMENTS--GENERAL INFORMATION | |
| fixed length control field | 070607s2007 dcua b i000 0 eng |
| 010 ## - LIBRARY OF CONGRESS CONTROL NUMBER | |
| LC control number | 2007022163 |
| Canceled/invalid LC control number | 2007278158 |
| 020 ## - INTERNATIONAL STANDARD BOOK NUMBER | |
| International Standard Book Number | 0821371819 |
| 020 ## - INTERNATIONAL STANDARD BOOK NUMBER | |
| International Standard Book Number | 9780821371817 (alk. paper) |
| 035 ## - SYSTEM CONTROL NUMBER | |
| System control number | (OCoLC)ocn141482980 |
| 040 ## - CATALOGING SOURCE | |
| Original cataloging agency | DLC |
| Transcribing agency | DLC |
| Modifying agency | C#P |
| -- | BAKER |
| -- | BTCTA |
| -- | YDXCP |
| -- | DLC |
| 043 ## - GEOGRAPHIC AREA CODE | |
| Geographic area code | ec----- |
| -- | ee----- |
| -- | ac----- |
| 050 00 - LIBRARY OF CONGRESS CALL NUMBER | |
| Classification number | HJ1000.7 |
| Item number | .F57 2007 |
| 082 ## - DEWEY DECIMAL CLASSIFICATION NUMBER | |
| Classification number | 338.947 |
| Item number | FIS |
| 245 00 - TITLE STATEMENT | |
| Title | Fiscal Policy and Economic Growth : |
| Remainder of title | Lessons for Eastern Europe and Central Asia / |
| Statement of responsibility, etc | edited by Cheryl Gray, Tracey Lane, Aristomene Varoudakis. |
| 260 ## - PUBLICATION, DISTRIBUTION, ETC. (IMPRINT) | |
| Place of publication, distribution, etc | Washington, DC : |
| Name of publisher, distributor, etc | World Bank, 2007 |
| Date of publication, distribution, etc | c2007. |
| 300 ## - PHYSICAL DESCRIPTION | |
| Extent | xxiv, 331 p. : |
| Other physical details | ill. ; |
| Dimensions | 26 cm. |
| 504 ## - BIBLIOGRAPHY, ETC. NOTE | |
| Bibliography, etc | Includes bibliographical references (p. 315-331). |
| 650 #0 - SUBJECT ADDED ENTRY--TOPICAL TERM | |
| Topical term or geographic name as entry element | Fiscal policy |
| Geographic subdivision | Europe, Central. |
| 9 (RLIN) | 22456 |
| 650 #0 - SUBJECT ADDED ENTRY--TOPICAL TERM | |
| Topical term or geographic name as entry element | Fiscal policy |
| Geographic subdivision | Europe, Eastern. |
| 9 (RLIN) | 22457 |
| 650 #0 - SUBJECT ADDED ENTRY--TOPICAL TERM | |
| Topical term or geographic name as entry element | Fiscal policy |
| Geographic subdivision | Asia, Central. |
| 9 (RLIN) | 22458 |
| 650 #0 - SUBJECT ADDED ENTRY--TOPICAL TERM | |
| Topical term or geographic name as entry element | Economic development. |
| 9 (RLIN) | 22459 |
| 700 1# - ADDED ENTRY--PERSONAL NAME | |
| Personal name | Gray, Cheryl Williamson, |
| Dates associated with a name | 1954- |
| 9 (RLIN) | 22460 |
| 700 1# - ADDED ENTRY--PERSONAL NAME | |
| Personal name | Lane, Tracey. |
| 9 (RLIN) | 22461 |
| 700 1# - ADDED ENTRY--PERSONAL NAME | |
| Personal name | Varoudakis, Aristomene. |
| 9 (RLIN) | 22462 |
| 856 41 - ELECTRONIC LOCATION AND ACCESS | |
| Materials specified | Table of contents only |
| Uniform Resource Identifier | <a href="http://www.loc.gov/catdir/toc/ecip0719/2007022163.html">http://www.loc.gov/catdir/toc/ecip0719/2007022163.html</a> |
| 942 ## - ADDED ENTRY ELEMENTS (KOHA) | |
| Source of classification or shelving scheme | Dewey Decimal Classification |
| Item type | Book - Borrowing |
| Withdrawn status | Item status | Source of classification or shelving scheme | Damaged status | Not for loan | Vendor | Home library | Current library | Shelving location | Date acquired | Source of acquisition | Cost, normal purchase price | Serial Enumeration / chronology | Total Checkouts | Total Renewals | Full call number | Barcode | Date last seen | Date last borrowed | Koha item type |
|---|---|---|---|---|---|---|---|---|---|---|---|---|---|---|---|---|---|---|---|
| Dewey Decimal Classification | Academic Bookshop | Central Library | Central Library | First floor | 09/03/2011 | 273.70 | 1661 | 1 | 6 | 338.947 FIS | 000022839 | 15/07/2025 | 22/01/2018 | Book - Borrowing |